1569 1624 1362 1959 1652 1434 1541 1391 1178 1878 1417 1992 1548 1194 1617 1474 1921 1250 1664 1612 1075 1208 1870 1488 1356 1755 1924 1356 1449 1280 1686 1251 1854 1888 1711 1834 1547 1403 1642 1466 1258 1772 1967 1654 1679 1481 1689 1971 1234 1059 1358 1732 1935 1323 1026 1574 1008 1466 1474 1390 1053 1517 1603 1284 1345 1783 1237 1610 1649 1748 1722 1961 1667 1706 1546 1294 1967 1342 1299 1407 1971 1349 1704 1378 1892 1028 1447 1343 1415 1255 1143 1560 1361 1679 1529 1305 1275 1706 1612 BCNSPRNW ULIB Ver.6.0+V

เปลี่ยนเป็นภาษาไทย

Change to English
 แสดงรายละเอียดบรรณานุกรม
  กลับหน้าหลัก

Brief Record : Get Marc (ISO 2709) : E-mail record : QR code < ปิดหน้าต่าง
LEADER : 00000nam 2200000uu 4500
001    13399114520
003     ULIB
008    120411s2549||||th 000 0 tha d
020    ^a9746577484 (ปกอ่อน.)
060 04 ^aWE141^bก451ก 2549
245 00 ^aการตรวจร่างกายทางออร์โทปิดิคส์ =^bPhysical examination inorthopaedics /^cบรรณาธิการ, ก่อกู้ เชียงทอง, ปรีชา ชลิดาพงศ์
246 31 ^aPhysical examination in orthopaedics
250    ^aพิมพ์ครั้งที่ 3
260    ^aเชียงใหม่ :^bคณะแพทยศาสตร์ มหาวิทยาลัยเชียงใหม่,^c2549
300    ^a328 หน้า :^bภาพประกอบ ;^c27 ซม.
650  7 ^aการตรวจร่างกาย
650  7 ^aศัลยกรรมกระดูก
700 0  ^aก่อกู้ เชียงทอง,^eบรรณาธิการ
700 0  ^aปรีชา ชลิดาพงศ์,^eบรรณาธิการ
710 2  ^aมหาวิทยาลัยเชียงใหม่. ^bคณะแพทยศาสตร์
945    ^p250^l0^i14872
945    ^p250^l0^i14211
945    ^p250^l0^i14212
995    ^aกัณชพร
999    ^aใช้งานได้ทุกระบบ
รายการนี้ยังไม่มีแท็ก
คุณยังไม่ได้ล็อกอิน คุณสามารถมีกิจกรรมร่วมกับเว็บไซต์ได้ แต่ต้องล็อกอินก่อน ::
  ล็อกอิน

รายการสื่อสารสนเทศ

ลำดับที่ ประเภท เลขเรียก/บาร์โค้ด สถานที่ สถานะ
1. วิทยาศาสตร์การแพทย์ และสุขภาพ
วิทยาศาสตร์การแพทย์ และสุขภาพ
สถานะ=หนังสือเก่า
WE141 ก451ก 2549 ฉ.2 
  Barcode: 14211
ห้องสมุดวิทยาเขตนครสวรรค์
►ส่วนจัดเก็บหนังสือเก่า นว.
บนชั้น
  ขอยืม
2. วิทยาศาสตร์การแพทย์ และสุขภาพ
วิทยาศาสตร์การแพทย์ และสุขภาพ
WE141 ก451ก 2549 ฉ.3 
  Barcode: 14212
ห้องสมุดวิทยาเขตสวรรค์ประชารักษ์
►หนังสือทั่วไป
บนชั้น

รายการใกล้เคียง
    หัวเรื่อง [การตรวจร่างกาย]
    หัวเรื่อง [ศัลยกรรมกระดูก]

BibComment


ยังไม่เคยถูกคอมเมนท์

คอมเมนท์ทรัพยากรรายการนี้
  คอมเมนท์: การตรวจร่างกายทา..


 Copyright 2026. Bcnsprnw @Library